Statistiques concernant Trouver de quelle région provient ce fromage

Cliquez ici pour prendre le quiz!

Statistiques générales

  • Ce quiz a été pris 101 fois
  • Le résultat moyen est 11 sur 19

Statistiques - réponses

Fromage Région % Correct
CamembertNormandie
93%
BrocciuCorse
86%
CantalAuvergne-Rhône-Alpes
81%
MaroillesHauts-de-France
71%
ComtéBourgogne-Franche-Comté
65%
Pont-l'évêqueNormandie
63%
MunsterGrand Est
63%
Saint-nectaireAuvergne-Rhône-Alpes
61%
ReblochonAuvergne-Rhône-Alpes
60%
Fourme d'AmbertAuvergne-Rhône-Alpes
58%
Selles-sur-CherCentre-Val de Loire
58%
Ossau-iratyNouvelle-Aquitaine
57%
RoquefortOccitanie
57%
NeufchâtelNormandie
50%
EpoissesBourgogne-Franche-Comté
46%
ChabichouNouvelle-Aquitaine
46%
Tome des BaugesAuvergne-Rhône-Alpes
45%
ValençayCentre-Val de Loire
40%
BanonProvence-Alpes-Côte d'Azur
39%

Distribution des résultats

Percentile par nombre de réponses

% des personnes avec chaque résultat

Votre développement - résultats

Vous n’avez pas pris ce quiz